| 000 | 01755nam a2200373 a 4500 | ||
|---|---|---|---|
| 001 | ebr10518915 | ||
| 003 | CaPaEBR | ||
| 006 | m u | ||
| 007 | cr cn||||||||| | ||
| 008 | 110720s2012 nyua sb 001 0 eng d | ||
| 010 | _z 2011031081 | ||
| 020 | _z9780801477331 (pbk. alk. paper) | ||
| 020 | _z9780801464317 (e-book) | ||
| 040 |
_aCaPaEBR _cCaPaEBR |
||
| 035 | _a(OCoLC)774290535 | ||
| 043 | _an-us--- | ||
| 050 | 1 | 4 |
_aHD8066 _b.Z84 2012eb |
| 100 | 1 |
_aZweig, Michael, _d1942- |
|
| 245 | 1 | 4 |
_aThe working class majority _h[electronic resource] : _bAmerica's best kept secret / _cMichael Zweig. |
| 250 | _a2nd ed. | ||
| 260 |
_aIthaca : _bILR Press, _c2012. |
||
| 300 |
_ax, 220 p. : _bill. |
||
| 504 | _aIncludes bibliographical references and index. | ||
| 505 | 0 | _aThe class structure of the United States -- What we think about when we think about class -- Why is class important? -- Looking at "the underclass" -- Looking at values, family and otherwise -- The working class and power -- Power and globalization -- Power and the government -- Into the millennium. | |
| 533 |
_aElectronic reproduction. _bPalo Alto, Calif. : _cebrary, _d2012. _nAvailable via World Wide Web. _nAccess may be limited to ebrary affiliated libraries. |
||
| 650 | 0 |
_aWorking class _zUnited States. |
|
| 650 | 0 |
_aWorking class _xPolitical activity _zUnited States. |
|
| 651 | 0 |
_aUnited States _xEconomic conditions _y1981-2001. |
|
| 651 | 0 |
_aUnited States _xEconomic conditions _y2001-2009. |
|
| 651 | 0 |
_aUnited States _xSocial conditions _y1980- |
|
| 655 | 7 |
_aElectronic books. _2local |
|
| 710 | 2 | _aebrary, Inc. | |
| 856 | 4 | 0 |
_uhttp://site.ebrary.com/lib/rucke/Doc?id=10518915 _zAn electronic book accessible through the World Wide Web; click to view |
| 999 |
_c140394 _d140394 |
||